000 00667cam a22002293a 4500
001 19052
003 PGUSA
005 20140828083414.0
008 060815s2006||||xxu|||||s|||||000 | eng d
040 _aPGUSA
_beng
042 _adc
050 4 _aPE
100 1 _aO'Neill, Elizabeth
_q(Elizabeth Speakman),
_d1877-
245 1 0 _aStories That Words Tell Us
_h[electronic resource] /
_cElizabeth O'Neill
260 _bProject Gutenberg,
_c2006
506 _aPublic domain in the USA.
516 _aElectronic text
653 _aEnglish language -- Etymology
830 0 _aProject Gutenberg
_v19052
856 4 0 _uhttp://www.gutenberg.org/ebooks/19052
942 _cEB
999 _c248307
_d248307